Comunicacin̤ oral y escrita en la empresa Operaciones bs̀icas de comunicacin̤

Detalles Bibliográficos
Formato: Microfilme eBook
Lenguaje:español
Publicado: Bogot:̀ Ediciones de la U, 2018
Materias:
Acceso en línea:Acceso restringido

MARC

LEADER 00000nam a22000007a 4500
005 20210618010414.0
007 hr|||| |||||
008 210618s2018 co |||||s|||| 00||0 spa d
020 |a 978-958-762-867-8 
035 |a 33433 
040 |a vLex 
090 |c 11817  |d 11817 
245 0 0 |a Comunicacin̤ oral y escrita en la empresa  |h [Recurso electrn̤ico] :  |b Operaciones bs̀icas de comunicacin̤ 
256 |a Servicio en ln̕ea 
260 |a Bogot:̀  |b Ediciones de la U,  |c 2018 
300 |a 1 recurso electrn̤ico 
500 |a La comunicacin̤ forma parte fundamental dentro de unaempresa, puesto que es lo que mantiene a todos los componentes de laorganizacin̤ en unin̤ y con cierta armona̕.De no existir una correcta comunicacin̤, la organizacin̤corre el riesgo de sufrir quebrantos inesperados y hasta el desmoronamientocomo tal. Esta comunicacin̤ debe existir no solamente para que los empleadosacepten polt̕icas o procedimientos acerca de sus labores diarias sino pararecibir proactividad por parte de ellos mismos, es decir, facilitar que aflorendiversas opiniones sobre un mismo contexto.Este libro le permitir ̀conocer las formas de comunicacin̤oral y el manejo del lenguaje verbal, as ̕como familiarizarse con las tčnicas y protocolos de la comunicacin̤telefn̤ica y a travš de las ayudas digitales. 
506 1 |a Disponible solo en los productos indicados  |d vLex Global  |d vLex Global (Academic Edition, excluding Law Schools)  |d vLex Global (U.S. Academic Edition, Law Schools)  |d vLex Global (U.S. Academic Edition, excluding Law Schools)  |d vLex Global (Academic Edition, Law Schools) 
650 0 4 |a Ciencias sociales  |z Colombia 
740 0 |a vLex Libros (Servicio en ln̕ea) 
856 4 0 |u https://vlex.com/source/comunicacion-oral-y-escrita-en-la-empresa-operaciones-basicas-de-comunicacion-33433  |z Acceso restringido 
942 |c BOOK 
999 0 |a Social Sciences